Kissing guilt & shame goodbye. (Record no. 1402)
[ view plain ]
| 000 -LEADER | |
|---|---|
| fixed length control field | 00602nam a2200193 a 4500 |
| 005 - DATE AND TIME OF LATEST TRANSACTION | |
| control field | 20260322212059.0 |
| 008 - FIXED-LENGTH DATA ELEMENTS--GENERAL INFORMATION | |
| fixed length control field | data |
| 040 ## - CATALOGING SOURCE | |
| Original cataloging agency | FMS Productions |
| 099 ## - LOCAL FREE-TEXT CALL NUMBER (OCLC) | |
| Classification number | Tape 900079 |
| 001 - CONTROL NUMBER | |
| control field | data |
| 245 10 - TITLE STATEMENT | |
| Title | Kissing guilt & shame goodbye. |
| Medium | [videorecording] |
| 260 ## - PUBLICATION, DISTRIBUTION, ETC. | |
| Place of publication, distribution, etc. | Brooklyn Park, MN |
| Name of publisher, distributor, etc. | E. Larsen Enterprises |
| Date of publication, distribution, etc. | 1991 |
| 300 ## - PHYSICAL DESCRIPTION | |
| Extent | 1 videocassette (28 min., 57 sec.) : |
| Other physical details | ; |
| Dimensions | sd., col. ;; 1/2 in. |
| 500 ## - GENERAL NOTE | |
| General note | Audience: Patients in recovery. |
| 500 ## - GENERAL NOTE | |
| General note | Participants: Earnie Larsen. |
| 650 02 - SUBJECT ADDED ENTRY--TOPICAL TERM | |
| Topical term or geographic name entry element | Alcoholism |
| General subdivision | rehabilitation |
| 650 02 - SUBJECT ADDED ENTRY--TOPICAL TERM | |
| Topical term or geographic name entry element | Shame |
| 650 02 - SUBJECT ADDED ENTRY--TOPICAL TERM | |
| Topical term or geographic name entry element | Substance-Related Disorders |
| General subdivision | rehabilitation |
| Withdrawn status | Lost status | Damaged status | Not for loan | Home library | Current library | Shelving location | Date acquired | Total checkouts | Full call number | Barcode | Date last seen | Price effective from | Koha item type |
|---|---|---|---|---|---|---|---|---|---|---|---|---|---|
| Franklin | Franklin | General stacks | 22/03/2026 | GEN | BC0011449 | 22/03/2026 | 22/03/2026 | Books |